Pragocalypsa. Strážci brány /
Uloženo v:
| Série: | Pragocalypsa,
část 1 |
|---|---|
| Hlavní autor: | |
| Médium: | E-kniha |
| Jazyk: | Czech |
| Vydáno: |
Ostrava :
Fantom Print,
2020
|
| Vydání: | 2. vydání (1. ve Fantom Printu) |
| Témata: | |
| Příbuzné jednotky: | Z cyklu::
Pragocalypsa |
| Tagy: |
Žádné tagy |
| LEADER | 01554nam a2200409 i 4500 | ||
|---|---|---|---|
| 001 | 311183 | ||
| 003 | CZ PrSKC | ||
| 005 | 20260601215701.0 | ||
| 007 | ta | ||
| 008 | 200506s2020 xr g 000 f cze | ||
| 015 | |a cnb003217183 | ||
| 020 | |a 9788075940612 |q (brožováno) | ||
| 035 | |a (OCoLC)1200257715 | ||
| 040 | |a OLA001 |b cze |e rda | ||
| 072 | 7 | |a 821.162.3-3 |x Česká próza |2 Konspekt | |
| 080 | |a 821.162.3-31 |2 MRF | ||
| 080 | |a (0:82-312.9) |2 MRF | ||
| 100 | 1 | |a Urban, Jan, |d 1985- |7 xx0135937 |4 aut | |
| 245 | 1 | 0 | |a Pragocalypsa. |p Strážci brány / |c Jan Urban |
| 246 | 3 | 0 | |a Strážci brány |
| 250 | |a 2. vydání (1. ve Fantom Printu) | ||
| 264 | 1 | |a Ostrava : |b Fantom Print, |c 2020 | |
| 300 | |a 303 stran ; |c 21 cm | ||
| 336 | |a text |b txt |2 rdacontent | ||
| 337 | |a bez média |b n |2 rdamedia | ||
| 338 | |a svazek |b nc |2 rdacarrier | ||
| 500 | |a Na hřbetu označení části: 1 | ||
| 655 | 7 | |a české romány |7 fd133974 |2 czenas | |
| 655 | 7 | |a fantasy romány |7 fd184199 |2 czenas | |
| 655 | 9 | |a Czech fiction |2 eczenas | |
| 655 | 9 | |a fantasy novels |2 eczenas | |
| 787 | 0 | 8 | |i Z cyklu: |t Pragocalypsa |g 1 |
| 900 | |a ABA001 |b 19 | ||
| 044 | |a xr | ||
| 910 | |a RBIT002 | ||
| 998 | |d 206369 |a https://core.palmknihy.cz/api/books/206369/cover?q9ux3k |b https://core.palmknihy.cz/api/books/206369/cover/400?q9ux3k |c https://core.palmknihy.cz/api/books/206369/cover/50?q9ux3k |e 2028-05-05 |g 304 |i 9788075940612 |j https://core.palmknihy.cz/api/books/206369/preview.epub |l |q 49 |r 1 |s https://www.palmknihy.cz/kniha/206369 |t ebook |y 2020 |z 0 |v Pragocalypsa |w 1 | ||
| 999 | |d 311181 | ||